| 000 | 00409nam a22001577a 4500 | ||
|---|---|---|---|
| 005 | 20250320115514.0 | ||
| 008 | 250320b |||||||| |||| 00| 0 eng d | ||
| 082 |
_a005.8 _bFRA-H |
||
| 100 | _aFranke, Don | ||
| 245 |
_aCyber Security Basics / _cFrank Don |
||
| 260 |
_aUSA: _bWiley; _c2016. |
||
| 300 |
_aXiv, 253 p. : _bill; _c24 cm. |
||
| 500 | _ainclude index. | ||
| 650 | _aCyber Security | ||
| 999 |
_c36890 _d36890 |
||